| 000 | 00464cam a2200181ua 4500 | ||
|---|---|---|---|
| 020 | _c6.00 | ||
| 041 |
_aeng _h |
||
| 082 |
_a425 _bJES/GR |
||
| 100 | _aJespersen, Otto . | ||
| 245 |
_aGrowth and structure of the English language / _cOtto Jespersen. _hTextual Documents |
||
| 260 |
_aCalcutta : _bOxford University Press , _c1938. |
||
| 300 | _a244 ; . | ||
| 365 | _a6.00 | ||
| 504 | _a | ||
| 942 | _cBK | ||
| 999 |
_c12441 _d12441 |
||